<?xml version="1.0" encoding="UTF-8"?>
<record
    xmlns:xsi="http://www.w3.org/2001/XMLSchema-instance"
    xsi:schemaLocation="http://www.loc.gov/MARC21/slim http://www.loc.gov/standards/marcxml/schema/MARC21slim.xsd"
    xmlns="http://www.loc.gov/MARC21/slim">

  <leader>02471cam a22002535a 4500</leader>
  <controlfield tag="001">14278539</controlfield>
  <controlfield tag="005">20160131120037.0</controlfield>
  <controlfield tag="008">060223s2012    enk    frb    001 0 eng d</controlfield>
  <datafield tag="020" ind1=" " ind2=" ">
    <subfield code="z">9780789018229</subfield>
  </datafield>
  <datafield tag="040" ind1=" " ind2=" ">
    <subfield code="a">DNLM/DLC</subfield>
    <subfield code="c">DLC</subfield>
    <subfield code="d">NLM</subfield>
    <subfield code="d">BAKER</subfield>
    <subfield code="d">UKM</subfield>
    <subfield code="d">BTCTA</subfield>
    <subfield code="d">C#P</subfield>
    <subfield code="d">YDXCP</subfield>
    <subfield code="d">OCLCQ</subfield>
    <subfield code="d">DLC</subfield>
    <subfield code="d">EG-ScBUE </subfield>
    <subfield code="b">eng</subfield>
  </datafield>
  <datafield tag="043" ind1=" " ind2=" ">
    <subfield code="a">n-us---</subfield>
  </datafield>
  <datafield tag="082" ind1="0" ind2="4">
    <subfield code="a">344.730416</subfield>
    <subfield code="2">22</subfield>
    <subfield code="b">PHA</subfield>
  </datafield>
  <datafield tag="245" ind1="0" ind2="0">
    <subfield code="a">Pharmacy law desk reference /</subfield>
    <subfield code="c">editor Delbert D. Konnor.</subfield>
  </datafield>
  <datafield tag="260" ind1=" " ind2=" ">
    <subfield code="a">Oxon ;</subfield>
    <subfield code="a">New York :</subfield>
    <subfield code="b">Routledge / Taylor &amp; Francis Group,</subfield>
    <subfield code="c">2012.</subfield>
  </datafield>
  <datafield tag="300" ind1=" " ind2=" ">
    <subfield code="a">xx, 555 p. ;</subfield>
    <subfield code="c">23 cm.</subfield>
  </datafield>
  <datafield tag="500" ind1=" " ind2=" ">
    <subfield code="a">Index : p. 521-555.</subfield>
  </datafield>
  <datafield tag="504" ind1=" " ind2=" ">
    <subfield code="a">Includes bibliographical references.</subfield>
  </datafield>
  <datafield tag="505" ind1="0" ind2=" ">
    <subfield code="a">The function, evolution, and historical development of the law / Martha M. Rumore -- Forms of business organization / Francis B. Palumbo, George E. Rippel, Jr. -- Federal Food, Drug, and Cosmetic Act / Larry R. Pilot -- The pharmacist's responsibility under the Controlled Substances Act and related matters / Delbert D. Konnor -- Principles of professional liability insurance for pharmacists / Kenneth R. Baker -- Patent law, trademarks, and copyrights / Martha M. Rumore -- Pharmacy trade regulation / Richard A. Feinstein, Daniel A. Kotchen -- Administrative law / Sharon Horn Roddan -- Professional practice acts / Norman A. Campbell -- Labor and employment law / Roger N. Morris, Sandra J. Creta -- Taxation / Jacqueline A. Henson -- Contracts / Jacqueline E. Artinger -- Crimes and torts / Norman A. Campbell -- Agency / Norman A. Campbell -- The interface between law and ethics in pharmacy practice / Margaret L. Eaton --</subfield>
  </datafield>
  <datafield tag="505" ind1="0" ind2=" ">
    <subfield code="a">HIPAA privacy in the pharmacy / Brian A. Gallagher -- Medicare and Medicaid / Susan C. Winckler -- Certification in pharmacy : advanced level credentials, including specialty certification / Richard J. Bertin -- Collaborative drug therapy management / Marla J. Campbell -- Supportive personnel in pharmacy practice / Thomas George -- Quality improvement initiatives for pharmaceutical care / Garry Carneal -- Electronic prescribing / F. Nicholas Willard -- Telepharmacy : identifying legal issues for pharmacists / Edward D. Rickert, Melissa A. Madigan -- Medication error reporting / Jennifer Devine -- VIPPS : creating a new regulatory model for the Internet age / Carmen A. Catizone, Moira Gibbons.</subfield>
  </datafield>
  <datafield tag="650" ind1=" " ind2="0">
    <subfield code="a">Pharmacy</subfield>
    <subfield code="x">Law and legislation</subfield>
    <subfield code="z">United States.</subfield>
    <subfield code="2">BUEsh</subfield>
    <subfield code="9">39184</subfield>
  </datafield>
  <datafield tag="653" ind1=" " ind2=" ">
    <subfield code="b">PPhrm</subfield>
    <subfield code="c">July2015</subfield>
    <subfield code="c">January2016</subfield>
  </datafield>
  <datafield tag="700" ind1="1" ind2=" ">
    <subfield code="a">Konnor, Delbert D.,</subfield>
    <subfield code="e">editor.</subfield>
  </datafield>
  <datafield tag="942" ind1=" " ind2=" ">
    <subfield code="2">ddc</subfield>
  </datafield>
  <datafield tag="999" ind1=" " ind2=" ">
    <subfield code="c">20295</subfield>
    <subfield code="d">20267</subfield>
  </datafield>
  <datafield tag="952" ind1=" " ind2=" ">
    <subfield code="0">0</subfield>
    <subfield code="1">0</subfield>
    <subfield code="2">ddc</subfield>
    <subfield code="4">0</subfield>
    <subfield code="7">0</subfield>
    <subfield code="8">Baccah</subfield>
    <subfield code="a">MAIN</subfield>
    <subfield code="b">MAIN</subfield>
    <subfield code="c">1ST</subfield>
    <subfield code="d">2015-07-08</subfield>
    <subfield code="e">Purchase</subfield>
    <subfield code="g">495.00</subfield>
    <subfield code="h">21782</subfield>
    <subfield code="l">0</subfield>
    <subfield code="o">344.730416 PHA</subfield>
    <subfield code="p">000039272</subfield>
    <subfield code="r">2025-07-15 00:00:00</subfield>
    <subfield code="v">619.00</subfield>
    <subfield code="y">BB</subfield>
  </datafield>
</record>
